[Event "RM-2011-0-00080"]
[Site "LSS email"]
[Date "2011.11.04"]
[Round "?"]
[White "Sigurdsson, Johann"]
[Black "Zakharov, Oleg Yu"]
[Result "1/2-1/2"]
[WhiteElo "2257"]
[BlackElo "2261"]
[PlyCount "130"]
[EventDate "2011.07.02"]
[EventType "tourn (corr)"]
[EventRounds "6"]
[EventCountry "GER"]
[SourceTitle "Corr 2022"]
[Source "ChessBase"]
[SourceDate "2021.10.24"]
[SourceVersion "1"]
[SourceVersionDate "2021.10.24"]
[SourceQuality "1"]

1. c4 Nf6 2. Nf3 e6 3. Nc3 c5 4. e4 Nc6 5. Be2 d5 6. exd5 exd5 7. d4 Be7 8. 0-0 0-0 9. Be3 dxc4 10. dxc5 Ng4 11. Bf4 Bxc5 12. Bxc4 Bf5 13. Rc1 Nxf2 14. Rxf2 Bxf2+ 15. Kxf2 Qb6+ 16. Kg3 Qxb2 17. Qa4 a6 18. Qb3 Qxb3 19. axb3 Be6 20. Bxe6 fxe6 21. Ne4 e5 22. Be3 Rad8 23. Kf2 Rd5 24. Bc5 Rfd8 25. Ke2 h6 26. Bb6 R8d7 27. Bc5 a5 28. g4 Rc7 29. Rc3 Nd8 30. Bb6 Rc6 31. Bc7 Rxc3 32. Nxc3 Rc5 33. Bxd8 Rxc3 34. Bxa5 Rxb3 35. Nxe5 g5 36. Nd3 Ra3 37. Bd2 Kf7 38. Ke3 Ke6 39. Bb4 Ra2 40. h3 b5 41. Bc5 Ra4 42. Nb2 Rf4 43. Nd3 Rf7 44. Ke4 Rf1 45. Ba3 Rh1 46. Nf2 Re1+ 47. Kd3 Rf1 48. Ke2 Rb1 49. Nd3 Ra1 50. Bb2 Ra7 51. Nb4 Rc7 52. Kd3 Rf7 53. Ke2 Rf4 54. Nd3 Rf7 55. Nb4 Rc7 56. Kd3 Rc4 57. Nc2 Rf4 58. Nd4+ Kd5 59. Nxb5 Rf3+ 60. Ke2 Rxh3 61. Nc3+ Ke6 62. Ne4 Rh2+ 63. Nf2 h5 64. Kf3 hxg4+ 65. Kg3 Rh4 1/2-1/2